000
003090000a22001330004500
005
20120302063214.0
942
_c
BOOK
100
_a
KULKARNI , D.V.
245
_a
SHRI EKNATH MAHARAJ
260
_a
PUNE : SANTA KRUPA PRAKASHAN ,1999
300
_a
112 P.
365
_b
ES.20 /-
650
_a
SANTA / EKNATH
999
_c
358857
_d
358854